00160 a2200073 45000010005000001000020000052450037000252600024000626983 aImmamuddin, S.M aPolitical history of the Muslims abNajmah and sonsc